State, Sovereignty, and International Governance / (Record no. 14360)
[ view plain ]
| 000 -LEADER | |
|---|---|
| fixed length control field | 01151cam a2200313 a 4500 |
| 001 - CONTROL NUMBER | |
| control field | 12977000 |
| 005 - DATE AND TIME OF LATEST TRANSACTION | |
| control field | 20160726145051.0 |
| 008 - FIXED-LENGTH DATA ELEMENTS--GENERAL INFORMATION | |
| fixed length control field | 021022s2002 enk | b 001 0 eng d |
| 010 ## - LIBRARY OF CONGRESS CONTROL NUMBER | |
| LC control number | 2002726649 |
| 015 ## - NATIONAL BIBLIOGRAPHY NUMBER | |
| National bibliography number | GBA2-Y5580 |
| 020 ## - INTERNATIONAL STANDARD BOOK NUMBER | |
| International Standard Book Number | 019924538X |
| 035 ## - SYSTEM CONTROL NUMBER | |
| System control number | (OCoLC)ocm49204038 |
| 040 ## - CATALOGING SOURCE | |
| Original cataloging agency | Uk |
| Transcribing agency | Uk |
| Modifying agency | LNL-L |
| -- | DLC |
| 042 ## - AUTHENTICATION CODE | |
| Authentication code | lccopycat |
| 050 00 - LIBRARY OF CONGRESS CALL NUMBER | |
| Classification number | KZ4041 |
| Item number | .S738 2002 |
| 082 00 - DEWEY DECIMAL CLASSIFICATION NUMBER | |
| Classification number | 341.26 |
| Edition number | 22 |
| Item number | STA |
| 245 00 - TITLE STATEMENT | |
| Title | State, Sovereignty, and International Governance / |
| Statement of responsibility, etc | Edited by Gerard Kreijen ... [et al.]. |
| 260 ## - PUBLICATION, DISTRIBUTION, ETC. (IMPRINT) | |
| Place of publication, distribution, etc | Oxford : |
| Name of publisher, distributor, etc | Oxford University Press, |
| Date of publication, distribution, etc | c2002. |
| 300 ## - PHYSICAL DESCRIPTION | |
| Extent | xiv, 643 p. ; |
| Dimensions | 25 cm. |
| 504 ## - BIBLIOGRAPHY, ETC. NOTE | |
| Bibliography, etc | Includes bibliographical references and index. |
| 541 ## - IMMEDIATE SOURCE OF ACQUISITION NOTE | |
| Source of acquisition | Bacca ; |
| 650 #0 - SUBJECT ADDED ENTRY--TOPICAL TERM | |
| Topical term or geographic name as entry element | Sovereignty. |
| 9 (RLIN) | 15806 |
| 650 #0 - SUBJECT ADDED ENTRY--TOPICAL TERM | |
| 9 (RLIN) | 15807 |
| Topical term or geographic name as entry element | International cooperation |
| 700 1# - ADDED ENTRY--PERSONAL NAME | |
| Personal name | Kreijen, Gerard. |
| Relator term | Editor |
| 9 (RLIN) | 15808 |
| 856 42 - ELECTRONIC LOCATION AND ACCESS | |
| Materials specified | Publisher description |
| Uniform Resource Identifier | <a href="http://www.loc.gov/catdir/enhancements/fy0614/2002726649-d.html">http://www.loc.gov/catdir/enhancements/fy0614/2002726649-d.html</a> |
| 856 41 - ELECTRONIC LOCATION AND ACCESS | |
| Materials specified | Table of contents only |
| Uniform Resource Identifier | <a href="http://www.loc.gov/catdir/enhancements/fy0614/2002726649-t.html">http://www.loc.gov/catdir/enhancements/fy0614/2002726649-t.html</a> |
| 942 ## - ADDED ENTRY ELEMENTS (KOHA) | |
| Source of classification or shelving scheme | Dewey Decimal Classification |
| Item type | Book - Borrowing |
| Withdrawn status | Item status | Source of classification or shelving scheme | Damaged status | Not for loan | Vendor | Home library | Current library | Shelving location | Date acquired | Source of acquisition | Cost, normal purchase price | Serial Enumeration / chronology | Total Checkouts | Total Renewals | Full call number | Barcode | Date last seen | Date last borrowed | Koha item type |
|---|---|---|---|---|---|---|---|---|---|---|---|---|---|---|---|---|---|---|---|
| Dewey Decimal Classification | Baccah | Central Library | Central Library | First floor | 04/07/2010 | 1225.00 | 10484 | 7 | 12 | 341.26 STA | 000021341 | 15/07/2025 | 29/01/2022 | Book - Borrowing |